Maiores Cidades do Nordeste Brasileiro A-Z - Statistics

Estatísticas Gerais
  • Esse quiz foi jogado 51 vezes
  • A pontuação média é 15 de 24
Estatísticas das Respostas
Letra estado Populacão Cidade % Correto
F CE 2.578.483 Fortaleza
98%
J PB 897.633 João Pessoa
95%
M AL 994.952 Maceió
95%
S BA 2.564.204 Salvador
95%
A SE 630.932 Aracaju
93%
N RN 784.249 Natal
93%
R PE 1.588.376 Recife
90%
O PE 364.717 Olinda
88%
T PI 905.692 Teresina
88%
C PB 443.911 Campina Grande
76%
P PE 418.444 Petrolina
74%
I MA 285.806 Imperatriz
69%
Q CE 88.846 Quixadá
62%
X BA 47.019 Xique-Xique
62%
V BA 396.613 Vitória da Conquista
60%
G PE 151.803 Garanhuns
43%
L BA 219.564 Lauro de Freitas
43%
H CE 81.161 Horizonte
36%
B BA 171.634 Barreiras
31%
E BA 121.067 Eunápolis
29%
U AL 60.860 União dos Palmares
21%
Z MA 41.815 Zé Doca
21%
D BA 75.296 Dias d'Ávila
14%
W BA 25.535 Wenceslau Guimarães
14%
Nenhum quiz correspondente encontrado
Distribuição das Pontuações
Porcentagem de Pessoas com Cada Pontuação
Percentil de Números Respondidos
Sua Pontuação Histórica
Você não jogou esse quiz